|
|
|
|
| LEADER |
00000nab a2200000 4500 |
| 001 |
vtls011741029 |
| 003 |
SK-MaSNL |
| 005 |
20260318114422.0 |
| 008 |
180209c2017 xo er n ||00 c0ukr |
| 015 |
|
|
|a SNBRB2018/02
|
| 038 |
|
|
|a SVKPOCL
|
| 040 |
|
|
|a SVKPOCL
|b slo
|c SVKPOCL
|e rda
|
| 041 |
0 |
|
|a ukr
|
| 043 |
|
|
|a e-un---
|a e-xo---
|
| 044 |
|
|
|a xo
|c SK
|
| 072 |
|
7 |
|a 75
|x Maliarstvo
|2 konspekt
|
| 080 |
|
|
|a 75/76.071.1(477):069.9(437.611-2)
|2 2011
|
| 080 |
|
|
|a 929 Marčuk, Ivan
|2 2011
|
| 080 |
|
|
|a (437.611-2)
|2 2011
|
| 080 |
|
|
|a 069.9
|2 2011
|
| 080 |
|
|
|a (477)
|2 2011
|
| 080 |
|
|
|a 7.071.1(477)
|2 2011
|
| 100 |
1 |
|
|a Jackanin, Ivan,
|d 1950-
|4 aut
|9 103637
|
| 245 |
1 |
0 |
|a Nepovtornyj Ivan Marčuk
|c [autor] (ija)
|
| 300 |
|
|
|b Fotografie
|
| 336 |
|
|
|a text
|b txt
|2 rdacontent
|
| 337 |
|
|
|a bez média
|b n
|2 rdamedia
|
| 338 |
|
|
|a zväzok
|b nc
|2 rdacarrier
|
| 500 |
|
|
|a V rubrike Kuľtura
|
| 500 |
|
|
|a Marchuk, Ivan pozri Marčuk, Ivan
|
| 500 |
|
|
|a Súčasťou článku sú čiernobiele fotografie umeleckých diel Ivana Marčuka «Zahubleni kvity» (1995) a «Tak plyne čas» (1993)
|
| 600 |
1 |
7 |
|a Marčuk, Ivan,
|d 1936-
|2 SNKMA
|9 48227
|
| 600 |
1 |
7 |
|a Muška, Jurij Jurijovyč,
|d 1964-
|2 svkpocl
|9 1324250
|
| 610 |
2 |
7 |
|a Artem (občianske združenie : Bratislava, Slovensko)
|2 svkpocl
|9 1602756
|
| 610 |
2 |
7 |
|a Galéria Artem (Bratislava, Slovensko)
|2 svkpocl
|9 1602757
|
| 610 |
1 |
7 |
|a Ukrajina.
|b Posoľstvo (Slovensko).
|b Generálny konzulát v Prešove
|2 svkpocl
|9 185277
|
| 648 |
|
7 |
|a 12.5.1936
|2 svkpocl
|9 1602758
|
| 648 |
|
7 |
|a 4.-7.6.2017
|2 svkpocl
|9 1602759
|
| 650 |
0 |
7 |
|a výtvarníci
|2 SNKPH
|9 118705
|
| 650 |
0 |
7 |
|a maliari
|2 SNKPH
|9 3150
|
| 650 |
0 |
7 |
|a umelecká tvorba
|2 SNKPH
|9 2852
|
| 650 |
0 |
7 |
|a slavistika
|2 SNKPH
|9 4282
|
| 650 |
0 |
7 |
|a ukrajinské výtvarné umenie
|2 SNKPH
|9 76052
|
| 650 |
0 |
7 |
|a výstavy
|2 SNKPH
|9 2780
|
| 650 |
0 |
7 |
|a biografia
|2 SNKPH
|9 71085
|
| 650 |
0 |
7 |
|a rodáci
|2 SNKPH
|9 30842
|
| 650 |
0 |
7 |
|a osobnosti
|2 SNKPH
|9 29820
|
| 651 |
|
7 |
|a Bratislava (Slovensko)
|2 SNKPH
|9 14568
|
| 651 |
|
7 |
|a Ukrajina
|2 SNKPH
|9 168045
|
| 773 |
0 |
|
|t Nove žyttja
|g Roč. 67, č. 12 (2017), s. 3
|
| 852 |
|
|
|a SVKPO
|b KIS3GCP
|
| 958 |
|
|
|a UA
|
| 958 |
|
|
|a BC
|
| 958 |
|
|
|a SS
|
| 958 |
|
|
|a UK
|
| 958 |
|
|
|a SK
|
| 999 |
|
|
|c 3363850
|d 3365780
|